000
00325pam a2200133a 44500
008
230405s2005 xxu||||| |||| 00| 0 eng d
041
_a
ENG
100
_a
D.R. rora
245
_a
Medical parasitology
260
_a
new delhi
_b
C.B.S Publishers & Distributers
_c
2005
300
_a
242
700
_a
B. Arora
906
_a
11827
999
_c
302326
_d
302326